[Event "MNE-chT 2nd League"]
[Site "Cetinje"]
[Date "2022.10.14"]
[Round "1"]
[White "Perosevic, Aleksandar"]
[Black "Vukmarkovic, Dragan"]
[Result "1-0"]
[WhiteElo "2039"]
[BlackElo "1966"]
[PlyCount "95"]
[EventDate "2022.10.14"]
[EventType "team-tourn"]
[EventRounds "5"]
[EventCountry "MNE"]
[SourceTitle "EXT 2024"]
[Source "ChessBase"]
[SourceDate "2023.10.10"]
[SourceVersion "1"]
[SourceVersionDate "2023.10.10"]
[SourceQuality "1"]
[WhiteTeam "Niksic"]
[BlackTeam "Bar Mornar"]
[WhiteTeamCountry "MNE"]
[BlackTeamCountry "MNE"]

1. e4 c5 2. Nf3 Nc6 3. d4 cxd4 4. Nxd4 g6 5. Nxc6 bxc6 6. Qd4 f6 7. Bc4 e5 8. Qd3 Ne7 9. Nc3 Bb7 10. 0-0 d5 11. Bb3 Bg7 12. Rd1 a5 13. exd5 Nxd5 14. Na4 0-0 15. Nc5 Qe7 16. Nxb7 Qxb7 17. Bxd5+ cxd5 18. Qxd5+ Qxd5 19. Rxd5 Rfd8 20. Rxd8+ Rxd8 21. Be3 e4 22. b3 f5 23. Rb1 Bc3 24. Kf1 Kf7 25. Ke2 Ke6 26. Rd1 Rc8 27. Bd2 Bb2 28. Bxa5 Rxc2+ 29. Rd2 Rxd2+ 30. Bxd2 Kd5 31. a4 Kc5 32. b4+ Kb6 33. h4 Be5 34. g3 Bd6 35. Kd1 h6 36. Kc2 g5 37. hxg5 hxg5 38. Kb3 f4 39. gxf4 gxf4 40. Be1 Be7 41. Bc3 Bh4 42. Bd4+ Ka6 43. Kc4 e3 44. fxe3 fxe3 45. Bxe3 Be1 46. b5+ Kb7 47. Bc5 Ba5 48. Bb4 1-0